000 00603nam a2200217Ii 4500
003 JO-AjNU
008 230606s9999||||xx |||||||||||||| ||und||
020 _a978-13-136014-3/0-13-136014-0
040 _aJO-AjNU
_beng
_erda
_cJO-AjNU
041 _aeng
050 1 4 _aT57.6.T3.2007
100 3 _aTaha,Hamdy,
_eauthor
_9937
245 0 0 _aOperations Research An Introduction
250 _a8 ed
264 3 1 _aNew Jersy:pearson,2007
300 _a804p
336 _atext
_btxt
_2rdacontent
337 _aunmediated
_bn
_2rdamedia
338 _avolume
_bnc
_2rdacarrier
650 4 _aOPERATION PESEARCH
_9938
999 _aE494
_c494
_d494